000
00320nam a22001217a 4500
008
180522b xxu||||| |||| 00| 0 eng d
041
_a
eng
080
_a
043.3
100
_a
0
101
_a
MBE-MA
245
_a
Roli Percaktues i Planifikimit Territorial ne Strategjine e nje destinacioni
_c
Elshani, A
942
_2
udc
_c
BK
999
_c
46208
_d
46208